| 000 | 01667nam a2200301 i 4500 | ||
|---|---|---|---|
| 001 | 154005 | ||
| 003 | ES-MaACL | ||
| 005 | 20251103200631.0 | ||
| 008 | 960520s1867 sp bc |||| | spa d | ||
| 040 |
_aCARM _bspa _cCCPB | SIC |
||
| 100 | 1 |
_aFabra, Nilo María, _d1841-1903 _948523 |
|
| 245 | 1 | 0 |
_aAlemania é Italia en 1866 _b: apuntes para un libro con datos, noticias y documentos sobre la guerra de dicho año recogidos en el teatro de la misma / _cpor Nilo Maria Fabra. |
| 250 |
_a[1ª ed. española _bbajo la dirección de Joaquin Maldonado. |
||
| 260 |
_aMadrid : _bRubio y Compañia, _c1867 ( _fImprenta a cargo de J.E. Morete, _g1868) |
||
| 300 |
_aVIII, 95 p., [4] h. de lám., [1] h. de map. ; _c34 cm. |
||
| 490 | 1 |
_aColección de historias y memorias contemporáneas / dirigida y adicionada por César Cantú ; _v3 |
|
| 599 | 1 | _aLas h. de lám. son retratos de Guillermo I de Prusia, el conde Bismark, el vicealmirante Tegethoff y Victor Manuel de Italia: "Llanta dib. y li. Lit. de Rubio, Grilo y Vitturi", "Lettre dib. y lit. Lit. de Rubio y Comp. | |
| 599 | _aMapa de Italia "A. Ronchi y Cia. editores , Madrid 1866" | ||
| 651 | 4 |
_aAlemania- _xHistoria- _yS. XIX. _97665 |
|
| 651 | 4 |
_aItalia- _xHistoria- _y1849-1870. _98869 |
|
| 700 | 1 |
_aCantù, Cesare, _d1804-1895 _934697 |
|
| 700 | 1 |
_aMaldonado Macanaz, Joaquín, _d1833-1901 _975733 |
|
| 700 | 1 |
_aLlanta y Guerin, Santiago, _dfl. 1866-1872 _9128999 |
|
| 830 | 0 | 0 |
_aColección de historias y memorias contemporáneas _v3 _9187832 |
| 852 |
_aES-MaACL _jC-1786(1) _z-- Enc. hol. |
||
| 852 |
_aES-MaACL _jT-653-F-2 _q.- Falta el mapa y la anteportada |
||
| 999 |
_c154005 _d154005 |
||